00630 2200229 4500001002100000005001700021008004100038035002400079090002000103100001200123245010200135260002700237300002500264650001900289700001700308700001600325850001200341980001100353985000600364999001500370999001500385YOGYA-0209000002514520090227023926.0 ind  0010-020900000025145 a330.1bHar MlT aHARTOWO aMateri pokok pengantar ilmu ekonomibADNI 4110 3 SKS/Modul 1-9cHartowo, Dewi Faunah, F.X Winarti aJakartabKaruniac1985 a177 hlmbilusc30 cm aEkonomi, Teori aFaunah, Dewi aWinarti F.X aYOPDYOG a091206 a2 a06A0016869 a06A0016870